[Event "CAMPEONATO DE ESPAÑA UNIVERSITARIO DE AJEDREZ"]
[Site "Alicante"]
[Date "2011.05.10"]
[Round "5"]
[Board "1"]
[White "Garcia Brion, Eduardo"]
[Black "Rabadan Velasco, Raul"]
[Result "1-0"]
[WhiteElo "2191"]
[BlackElo "2353"]
[PlyCount "0"]
[EventDate "2011.05.09"]
[EventRounds "9"]
[EventCountry "ESP"]

1.d4 f5 2.g3 Nf6 3.Bg2 g6 4.c4 Bg7 5.Nc3 O-O 6.b4 Nc6 7.c5 e6 8.Bxc6 bxc6 9.Rb1
a5 10.Qa4 Ne4 11.Nxe4 fxe4 12.Be3 e5 13.bxa5 Qf6 14.Rb4 Qf5 15.dxe5 Bxe5 16.Rxe4
Ba6 17.Kf1 Rab8 18.Bf4 Bg7 19.Kg2 Qxc5 20.Nf3 d5 21.Rc1 Qxc1 22.Bxc1 dxe4
23.Qxe4 Rbe8 24.Qxc6 Bxe2 25.Bf4 h6 26.Qxc7 Kh7 27.Ne5 Re7 28.Qb6 g5 29.Nc4 Bxc4
30.Be3 Rff7 31.f3 Bd5 32.Qc5 Rd7 33.a6 Rfe7 34.a7 g4 35.Qc1 gxf3+ 36.Kf2 Bb7
37.Qb1+ Re6# 38.Qxb7 Kg8 1-0